| 000 | 00430nam a2200169 u 4500 | ||
|---|---|---|---|
| 005 | 20250311063804.0 | ||
| 008 | 100507s2006 es r 000 0 spa d | ||
| 020 | _a8467423323 | ||
| 035 | _aUPN01000175693 | ||
| 049 | _aC | ||
| 050 | 4 |
_aTK5105.875 I5.7 _bI5.7 |
|
| 245 | 0 | 0 | _aInternet para todos. |
| 260 |
_aMadrid : _bPlaneta DeAgostini, _c2006. |
||
| 300 |
_a279 p. : _bil. col. |
||
| 650 | 4 |
_aInternet _9547 |
|
| 905 | _aLibro | ||
| 999 |
_c147796 _d147796 |
||